000 00598cam a2200169 4500
001 4640
005 20181127173833.0
008 740625s1966 nyu b 000 0 eng
020 _a9788172343965
_c
_z
100 1 _aErnest Hemingway.
245 0 0 _aThe snows of kilimanjaro and other stories /
_cErnest Hemingway.
260 _aNew Delhi :
_bPrakash Books India, Pvt. Ltd,
_c2012.
300 _a184 p. ;
_c22 cm.
490 0 _aMonarch notes and study guides, 839-1
600 1 0 _aHemingway, Ernest,
_d1899-1961
_xExaminations
_xStudy guides.
600 1 0 _aHemingway, Ernest,
_d1899-1961.
_tSnows of Kilimanjaro.
999 _c3849
_d3849